All 104 Cities of Norway Quiz Stats

 Plays Quiz not verified by Sporcle

Score 0/104 Timer 17:00
0 Plays Today
Population City % Correct
758 779Oslo
98.3%
252 772Bergen
97.5%
177 617Trondheim
96.3%
59 322Tromsø
94.2%
153 444Stavanger
94.2%
61 037Kristiansand
89.8%
115 137Drammen
87.2%
20 892Molde
86.2%
40 209Bodø
85.1%
51 474Ålesund
83.1%
64 445Fredrikstad
82.6%
59 869Sandnes
82.4%
48 381Skien
80.3%
26 828Hamar
80%
18 355Kristiansund
79%
44 536Haugesund
77.2%
42 788Arendal
76.5%
23 927Larvik
74.9%
46 158Moss
74.4%
51 061Tønsberg
74.3%
33 494Porsgrunn
73.6%
14 279Narvik
73.2%
14 737Alta
73%
45 462Sarpsborg
72.4%
18 555Mo i Rana
72.4%
43 222Sandefjord
71.5%
20 301Horten
71.3%
20 016Lillehammer
71.3%
18 960Ski
70.9%
21 269Kongsberg
66.8%
25 113Halden
65.9%
19 982Gjøvik
65.7%
20 793Harstad
65.2%
11 972Kongsvinger
64.8%
13 431Drøbak
64.7%
Population City % Correct
14 137Askim
60.7%
15 438Hønefoss
59.7%
12 466Steinkjer
59.6%
14 794Elverum
57.5%
12 500Lillestrøm
57.1%
7 938Hammerfest
56.6%
10 790Mandal
56.1%
12 522Grimstad
55.7%
11 477Egersund
55.3%
8 322Namsos
55.3%
8 957Florø
54.8%
5 107Vadsø
54.4%
14 085Stord
53.8%
3 326Farsund
53.5%
9 745Levanger
52%
9 820Mosjøen
51.9%
7 003Jørpeland
51.3%
5 022Odda
51.3%
11 832Bryne
51%
4 742Sandvika
51%
11 335Kopervik
49.9%
11 934Stjørdal
49.7%
5 002Lyngdal
48.7%
3 818Røros
47.3%
3 564Kirkenes
47.3%
5 438Kragerø
46.1%
4 535Risør
45.7%
17 221Jessheim
45.6%
6 138Fauske
45.4%
7 530Lillesand
45.3%
2 104Vardø
45.2%
1 737Otta
44.6%
7 865Åkrehamn
44.3%
4 580Finnsnes
43.8%
8 011Orkanger
42.4%
Population City % Correct
5 635Stavern
42%
2 283Åndalsnes
42%
5 037Brønnøysund
41.9%
10 255Førde
41.2%
6 069Sandnessjøen
41%
4 598Svolvær
41%
7 169Holmestrand
39.6%
6 055Flekkefjord
39.6%
4 244Moelv
39.1%
5 505Ulsteinvik
38.9%
9 041Notodden
38.2%
8 208Verdalsøra
38.1%
6 443Mysen
37.6%
3 307Rjukan
36%
1 911Fagernes
35.8%
5 500Langesund
35.7%
3 336Stokmarknes
35.7%
4 254Sauda
35.3%
3 931Svelvik
34.8%
1 992Brekstad
34.6%
2 309Tvedestrand
33.6%
3 129Åsgårdstrand
33.4%
5 240Sortland
33.2%
2 481Honningsvåg
32%
2 572Vinstra
31.9%
9 207Hokksund
31.9%
3 399Skudeneshavn
31.4%
1 719Kolvereid
31.4%
3 000Brevik
29%
3 366Leknes
28.3%
3 245Måløy
28.3%
3 561Fosnavåg
27.7%
9 723Brumunddal
24.1%
5 131Stathelle
22.4%

You're not logged in!

Compare scores with friends on all Sporcle quizzes.
OR
Log In

Show Comments

Extras

Top Quizzes Today


Score Distribution

Your Account Isn't Verified!

In order to create a playlist on Sporcle, you need to verify the email address you used during registration. Go to your Sporcle Settings to finish the process.

Report this User

Report this user for behavior that violates our Community Guidelines.

Details: